00825nam a2200205Ia 4500001000700000003000500007008004100012010001100053040000900064100003200073245022400105260004400329300001100373502007500384650001800459650002700477650002300504650002400527700006800551Z_5578CHAP220113s2007 xx 000 0 und d a168672 cCHAP aRamírez Cortés, Ramón aCambios de peso por transporte-recepción, comportamiento productivo y conducta durante la fase de adaptación en ovinos de lana /cRamón Ramírez Cortés, Juan Carlos Velasco Andrade y Miguel Mondragón Yañez aChapingo, Méx. :bLos autores,c2007 a120 h. aTesis (Ing. Agr. Esp. en Zootecnia) -- UACH. Departamento de Zootecnia aGanado lanar  aGanado lanarxEngorda  aGanado lanarxPeso aGanadoxTransporte  aI. Velasco andrade, Juan Carlos II. Mondragón Yañez, Miguel